| 000 | 00373nam a2200145 a 4500 | ||
|---|---|---|---|
| 001 | 3752 | ||
| 003 | CDMR | ||
| 005 | 20130116135248.0 | ||
| 008 | 130130s1987||||||||||||||||||||||||||||d | ||
| 040 |
_aCDMR _bcat _cCPC GIRONA |
||
| 100 | 1 |
_aTorres, Estanislau _92666 |
|
| 245 | 1 | 0 |
_aVisió de l'Alta Garrotxa _cTorres, Estanislau |
| 260 |
_c1987 _bDiputació de Girona |
||
| 942 | _cMON | ||
| 999 |
_c3752 _d3752 |
||